000 00530nam a22002177a 4500
003 UA-OsUOA
001 46600
007 ta
008 20070703b un ||||| |||| 00| 0 ukr d
100 _aКудров В.
090 _a330
_bК-11
942 _cSA
040 _aUA-OsUOA
_brus
_cUA-OsUOA
_dUA-OsUOA
245 _aЭкономика России в Европе и мире
300 _aС.45-58
955 _a0
041 _arus
080 _a330
773 0 _w46598
650 7 _a330 Економіка взагалі
_2UDC
999 _c332692
_d332692